000 00790nam a2200205 i 4500
001 187522
003 ES-MaACL
005 20250815120051.0
008 171025s1908 fr |||| | fre d
245 0 0 _aL' Enseignement du dessin /
_cpar MM. L. Guébin, A. Keller, G. Quénioux, P. Cathoire, L. Francken.
260 _aParis :
_bMusée Pedagogique,
_c1908 (
_fImpr. Nationale)
300 _a223 p. ;
_c20 cm.
490 1 _aPublications du Musée Pédagogique ;
_vNouvelle série ; 14
650 4 _aDibujo-
_xEnseñanza
_911861
700 1 _aGuébin, Louis (
_d1854-1933)
_9163761
710 2 _aMusée Pédagogique (Paris)
_9163741
830 0 _aPublications du Musée Pédagogique ;
_vNouvelle série ; 14
_9192794
852 _aES-MaACL
_jF-5980(2)
999 _c187522
_d187522